000 00728nam a2200193 i 4500
001 97955
003 ES-MaACL
005 20230906182205.0
007 t|
008 050721s1928 mx ||||1| spa d
100 1 _aMariscal, Federico E.
_976885
245 1 0 _aEstudio arquitectónico de las ruinas mayas Yucatán y Campeche
_b: contribución de México al XXIII Congreso de Americanistas /
_cFederico E. Mariscal.
260 _aMéxico :
_b[s.n.],
_c1928 (
_fTalleres Gráficos de la Nación)
300 _a110 p. :
_bil. ;
_c30 cm.
650 4 _aArquitectura maya.
_9151195
711 2 _aCongreso Internacional de Americanistas (
_n23º.
_d1928.
_cNew York)
_9405
852 _aES-MaACL
_jB-6529
852 _aES-MaACL
_jF-14522
999 _c97955
_d97955